|
|
|
|
| LEADER |
01195nam a2200289 4500 |
| 001 |
DLU140162087 |
| 005 |
##20140611 |
| 040 |
# |
# |
|a DLU
|b vie
|
| 041 |
# |
# |
|a vie
|
| 044 |
# |
# |
|a vn
|
| 100 |
# |
# |
|a Lưu Quý Khương,
|c PGS, TS.
|
| 245 |
# |
# |
|a Nghiên cứu một số đặc điểm diễn ngôn trong tuyên bố sứ mệnh của trường đại học ở Mĩ và Việt Nam (tiếng Anh đối chiếu với tiếng VIệt) =
|c A study on some discourse features of american and VIetnamese university mission statements english vs vietnamese /
|c Lưu Quý Khương, Vũ Thị Hoài Vân
|
| 246 |
# |
# |
|a A study on some discourse features of american and VIetnamese university mission statements english vs vietnamese
|
| 653 |
# |
# |
|a Đối chiếu.
|
| 653 |
# |
# |
|a Nghiên cứu.
|
| 653 |
# |
# |
|a Tiếng Anh.
|
| 653 |
# |
# |
|a Tiếng Việt.
|
| 773 |
# |
# |
|t Ngôn ngữ & đời sống
|g Số 9 (203), 2012, tr. 23-30
|
| 920 |
# |
# |
|a Phòng Tạp chí -- Trung tâm Thông tin - Thư viện Trường Đại học Đà Lạt
|
| 994 |
# |
# |
|a DLU
|
| 900 |
# |
# |
|a True
|
| 911 |
# |
# |
|a Nguyễn Thị Tưởng
|
| 925 |
# |
# |
|a G
|
| 926 |
# |
# |
|a A
|
| 927 |
# |
# |
|a BB
|
| 980 |
# |
# |
|a Thư viện Trường Đại học Đà Lạt
|